| 000 | 00748nam a2200241Ia 4500 | ||
|---|---|---|---|
| 003 | OSt | ||
| 005 | 20220925225606.0 | ||
| 006 | a|||||r|||| 00| 0 | ||
| 007 | ta | ||
| 008 | 220923b |||||||| |||| 00| 0 eng d | ||
| 020 |
_a9781905422883 _c505.75 |
||
| 037 |
_bDU27, 15/03/2011, INDEPENDENT PUBLISHERS GROUP _cGeneral Book |
||
| 040 |
_aRTL _cRTL _beng |
||
| 041 |
_2eng _aeng |
||
| 082 | _aYxN05S, P8 | ||
| 100 |
_aSARTRE Jean-Paul _914958 |
||
| 245 | 0 | _aAftermath of war. Tr. by Chris Turner | |
| 260 |
_aLondon _bSeagull Books _c2008 |
||
| 300 |
_a360p _ccm. |
||
| 650 | _aSociology | ||
| 942 |
_hYxN05S, P8 _cGB _2CC |
||
| 999 |
_c583827 _d583827 |
||